Идейно-воспитательная работа в условиях ускорения

Detalles Bibliográficos
Autor Corporativo: Академия наук Белорусской ССР (АН БССР) Институт философии и права
Outros autores: Бабосов Е. М. (редактор)
Summary:Исключено из фонда НТБ ТПУ
Idioma:ruso
Publicado: Минск, Наука и техника, 1988
Formato: MixedMaterials Libro
KOHA link:https://koha.lib.tpu.ru/cgi-bin/koha/opac-detail.pl?biblionumber=248629

MARC

LEADER 00000nam0a2200000 4500
001 248629
005 20231031212543.0
010 |a 5343001998 
035 |a (RuTPU)RU\TPU\book\270481 
090 |a 248629 
100 |a 20140124d1988 k y0rusy50 ca 
101 0 |a rus 
102 |a BY 
105 |a y z 001zy 
200 1 |a Идейно-воспитательная работа в условиях ускорения  |f Академия наук Белорусской ССР (АН БССР), Институт философии и права ; под ред. Е. М. Бабосова 
210 |a Минск  |c Наука и техника  |d 1988 
215 |a 255 с. 
333 |a Исключено из фонда НТБ ТПУ 
702 1 |a Бабосов  |b Е. М.  |4 340 
712 0 2 |a Академия наук Белорусской ССР (АН БССР)  |b Институт философии и права 
801 1 |a RU  |b 63413507  |c 20140124 
801 2 |a RU  |b 63413507  |c 20220311  |g RCR 
942 |c BK